书目信息 |
| 题名: |
于丹《论语》心得
|
|
| 作者: | 于丹 著 | |
| 分册: | ||
| 出版信息: | 北京 中华书局 2006 |
|
| 页数: | 157页 | |
| 开本: | 23cm | |
| 丛书名: | CCTV10百家讲坛 | |
| 单 册: | ||
| 中图分类: | B222.2-49 | |
| 科图分类: | ||
| 主题词: | 论语--通俗读物 , 儒家 | |
| 电子资源: | ||
| ISBN: | 7-101-05398-X | |
| 000 | 00991nam0 2200265 450 | |
| 001 | 1155450154 | |
| 005 | 20110929152630.84 | |
| 010 | @a7-101-05398-X@dCNY20.00 | |
| 100 | @a20070312d2006 em y0chiy0120 ea | |
| 101 | 0 | @achi |
| 102 | @aCN@b110000 | |
| 105 | @aa z 000yy | |
| 200 | 1 | @a于丹《论语》心得@Ayu dan 《 lun yu 》 xin de@d于丹著 |
| 210 | @a北京@c中华书局@d2006 | |
| 215 | @a157页@c图@d23cm | |
| 225 | 2 | @aCCTV10百家讲坛 |
| 305 | @a丛书原题:CCTV10《百家讲坛》系列丛书 | |
| 330 | @a作者紧扣21世纪人类面临的心灵困惑,结合其深厚的古典修养,从中国人的宇宙观、心灵观、处世之道、交友之道、人格修养之道、理想和人生观等七个方面,从独特的个性视角出发来解读《论语》。全书以白话诠释经典,以经典诠释智慧,以智慧诠释人生,以人生诠释人性,以人性安顿人心。 | |
| 410 | 0 | @12001 @aCCTV10百家讲坛 |
| 606 | 0 | @a论语@x通俗读物 |
| 606 | 0 | @a儒家 |
| 690 | @aB222.2-49@v4 | |
| 701 | 0 | @a于丹@Ayu dan@c(女,@f1965~)@4著 |
| 801 | 0 | @aCN@bTAOJIN@c20070312 |
| 905 | @a10447@dB222.2-49@eJY133 | |
| 于丹《论语》心得=于丹著.-北京:中华书局,2006 |
| 157页:图;23cm.-(CCTV10百家讲坛) |
| ISBN 7-101-05398-X:CNY20.00 |
| 作者紧扣21世纪人类面临的心灵困惑,结合其深厚的古典修养,从中国人的宇宙观、心灵观、处世之道、交友之道、人格修养之道、理想和人生观等七个方面,从独特的个性视角出发来解读《论语》。全书以白话诠释经典,以经典诠释智慧,以智慧诠释人生,以人生诠释人性,以人性安顿人心。 |
| ● |
| 相关链接 |
|
|
|
|
正题名:于丹《论语》心得
索取号:B222.2-49/JY133
 
预约/预借
| 序号 | 登录号 | 条形码 | 馆藏地/架位号 | 状态 | 备注 |
| 1 | 7824628 | 278246284 | 学院路分馆/ [索取号:B222.2-49/JY133] | 在馆 | |
| 2 | 7824629 | 278246293 | 学院路分馆/ [索取号:B222.2-49/JY133] | 在馆 | |
| 3 | 7824630 | 278246300 | 学院路分馆/ [索取号:B222.2-49/JY133] | 在馆 |